00601nam a2200157Ia 4500003000400000008004100004040001600045082001800061245012800079260007700207300002400284650004000308650004000348650001700388650003800405GCL140319s9999 xx 000 0 ara d aGCL / cGCL04a307.14bب ت10aتقرير التنمية البشرية للعام 2004 : bالحرية الثقافية فى عالمنا المتنوع aبيروت : bبرنامج الامم المتحدة الانمائى a285 ص ؛ c32 سم04aالتنمية الاجتماعية04aالتنمية الاقتصادية04aالسكان04aالمشاركة السياسية